000 00747cam a2200265 a 4500
001 34599
003 BD-RjUL
005 20211209052202.0
008 140518s1962 n 001 0 eng d
035 _aoxf98200606
_a(BD-RjUL) 34693
040 _aWSU
_dOCL
_dBD-RjUL
_beng
_cBD-RjUL
041 _aeng
082 _a302.15
_bNIC 1953
100 1 _aNisbet, Robert A.
_996448
245 1 0 _aCommunity and power /
_cNisbet, Robert A.
260 _aNew York :
_bOxford University Press,
_cc1962.
300 _axxi, 302 p. ;
_c19 cm.
490 1 _aGalaxy book ;
_vGB 91
504 _aIncludes index.
650 0 _aEthics
_9105256
650 0 _aSocial ethics
_95055
830 0 _vGB 91
_9105837
830 0 _aGalaxy book ;
_9105838
942 _2ddc
_cBK
999 _c34599
_d34599